[Event "FIDE World Rapid 2013"]
[Site "Khanty-Mansiysk RUS"]
[Date "2013.06.07"]
[Round "9.15"]
[White "Frolyanov, Dmitry"]
[Black "Kurnosov, Igor"]
[Result "1-0"]
[WhiteTitle "GM"]
[BlackTitle "GM"]
[WhiteElo "2570"]
[BlackElo "2657"]
[WhiteFideId "4151976"]
[BlackFideId "4142527"]
[EventDate "2013.06.06"]

1. e4 c5 2. Nf3 d6 3. d4 cxd4 4. Nxd4 Nf6 5. Nc3 e6 6. g4 e5 7. Nf5 h5 8. g5
Nxe4 9. Nxg7+ Bxg7 10. Nxe4 d5 11. Ng3 Bg4 12. Be2 Nc6 13. c3 e4 14. Nxh5 Bxh5
15. Bxh5 Qe7 16. Bf4 Be5 17. Be3 O-O-O 18. Bg4+ Kb8 19. Qa4 d4 20. cxd4 Bxd4 21.
Bf4+ Be5 22. Be3 Rd3 23. Kf1 Rxe3 24. fxe3 Qxg5 25. Qxe4 f5 26. Qxf5 Qxe3 27.
Re1 Qc5 28. b4 Qxb4 29. Kg2 Rg8 30. h3 Rf8 31. Qe4 Qa3 32. Re3 Qxa2+ 33. Re2 Qb3
34. Rb1 Qg3+ 35. Kh1 Rf2 36. Rxf2 Qxf2 37. Qg2 Qf4 38. Bf3 Kc7 39. Rf1 Qe3 40.
Bd5 a5 41. Qg4 a4 42. Bxc6 Kxc6 43. Qxa4+ b5 44. Qa8+ Kb6 45. Qf3 Qxf3+ 46. Rxf3
b4 47. Kg2 Kc5 48. Kf2 Kd4 49. Ke2 Ke4 50. h4 Bf4 51. h5 Bh6 52. Rf6 Bg5 53. Rb6
Kf5 54. Rxb4 Bh6 55. Kf3 Kg5 56. Rb5+ Kh4 57. Ke4 Kg4 58. Rb1 Bg5 59. Rg1+ 1-0

[Event "FIDE World Rapid 2013"]
[Site "Khanty-Mansiysk RUS"]
[Date "2013.06.07"]
[Round "9.16"]
[White "Dubov, Daniil"]
[Black "Bologan, Viktor"]
[Result "0-1"]
[WhiteTitle "GM"]
[BlackTitle "GM"]
[WhiteElo "2638"]
[BlackElo "2672"]
[WhiteFideId "24126055"]
[BlackFideId "13900048"]
[EventDate "2013.06.06"]

1. Nf3 g6 2. g3 Bg7 3. Bg2 c5 4. c4 Nc6 5. Nc3 e6 6. d3 Nge7 7. h4 h6 8. Bd2 d6
9. Qc1 Nd4 10. O-O Bd7 11. Nxd4 cxd4 12. Ne4 Bc6 13. Bb4 Nc8 14. Qf4 e5 15. Qc1
O-O 16. Ba3 f5 17. Nd2 Ne7 18. Qd1 f4 19. g4 h5 20. e4 dxe3 21. fxe3 Bxg2 22.
Kxg2 hxg4 23. exf4 Nf5 24. Qe2 Qxh4 25. Ne4 exf4 26. Rxf4 Qh3+ 27. Kf2 Qh2+ 0-1

[Event "FIDE World Rapid 2013"]
[Site "Khanty-Mansiysk RUS"]
[Date "2013.06.07"]
[Round "9.17"]
[White "Rakhmanov, Aleksandr"]
[Black "Smirin, Ilia"]
[Result "1-0"]
[WhiteTitle "GM"]
[BlackTitle "GM"]
[WhiteElo "2602"]
[BlackElo "2663"]
[WhiteFideId "4173708"]
[BlackFideId "2801990"]
[EventDate "2013.06.06"]

1. d4 Nf6 2. Nf3 g6 3. Nbd2 Bg7 4. e4 d6 5. Bc4 O-O 6. O-O Nc6 7. c3 e5 8. dxe5
Nxe5 9. Nxe5 dxe5 10. Re1 Bd7 11. Bf1 Bc6 12. f3 Qe7 13. Nc4 b5 14. Na5 Bd7 15.
b4 c5 16. a3 Rfc8 17. Be3 Bf8 18. Nb7 cxb4 19. cxb4 Bc6 20. Na5 Be8 21. Rc1 a6
22. Qd2 Qe6 23. Nb7 Nd7 24. Red1 Qb3 25. Qd3 Qxd3 26. Bxd3 Rab8 27. Na5 Kg7 28.
Kf2 Nb6 29. Rxc8 Nxc8 30. Bc2 Nb6 31. Bb3 Be7 32. Rc1 Rc8 33. Rxc8 Nxc8 34. Bd5
Nd6 35. Bc5 Kf8 36. Bb7 f5 37. exf5 Nxf5 38. Bxa6 Bxc5+ 39. bxc5 Nd4 40. Ke3 Ne6
41. Nb3 Ke7 42. Bb7 Bf7 43. Bd5 Be8 44. g3 Nc7 45. Be4 Bf7 46. Nc1 Nd5+ 47. Bxd5
Bxd5 48. Nd3 Ke6 49. f4 exf4+ 50. Kxf4 h6 51. h4 Kf6 52. Nb4 g5+ 53. hxg5+ hxg5+
54. Ke3 Ke5 55. Nd3+ Kf5 56. Kd4 Bg2 57. Nf2 Bc6 58. g4+ Kf4 59. Nd3+ Kg3 60.
Ne5 Bb7 61. Ke3 Bc8 62. c6 Be6 63. Ke4 Kh3 64. Kd4 Kg3 65. Kc5 Kf4 66. Kd6 Bc8
67. Kd5 Ba6 68. Ke6 Ke4 69. c7 Bc8+ 70. Kd6 Kf4 71. Ng6+ Kxg4 72. Ne7 Bb7 73.
Kc5 1-0

[Event "FIDE World Rapid 2013"]
[Site "Khanty-Mansiysk RUS"]
[Date "2013.06.07"]
[Round "9.19"]
[White "Sargissian, Gabriel"]
[Black "Al-Sayed, Mohammed"]
[Result "0-1"]
[WhiteTitle "GM"]
[BlackTitle "GM"]
[WhiteElo "2671"]
[BlackElo "2498"]
[WhiteFideId "13300881"]
[BlackFideId "12100196"]
[EventDate "2013.06.06"]

1. d4 d5 2. c4 c6 3. cxd5 cxd5 4. Bf4 Nc6 5. Nc3 Nf6 6. e3 Bg4 7. Qb3 Na5 8.
Qa4+ Bd7 9. Qc2 e6 10. Nf3 Rc8 11. Bd3 Nc4 12. O-O Bd6 13. Ne5 Bxe5 14. dxe5 Nh5
15. b3 Nxf4 16. exf4 Nxe5 17. fxe5 d4 18. Bc4 dxc3 19. Rfd1 O-O 20. a4 a6 21.
Qd3 b5 22. axb5 axb5 23. Qxd7 bxc4 24. b4 c2 25. Qxd8 Rfxd8 26. Rdc1 Rd2 27. Kf1
Rcd8 28. Ke1 g5 29. b5 c3 30. b6 R8d5 0-1

[Event "FIDE World Rapid 2013"]
[Site "Khanty-Mansiysk RUS"]
[Date "2013.06.07"]
[Round "9.20"]
[White "Popov, Ivan RUS"]
[Black "Ghaem Maghami, Ehsan"]
[Result "1/2-1/2"]
[WhiteTitle "GM"]
[BlackTitle "GM"]
[WhiteElo "2632"]
[BlackElo "2554"]
[WhiteFideId "4170350"]
[BlackFideId "12500739"]
[EventDate "2013.06.06"]

1. e4 c5 2. Nf3 e6 3. d4 cxd4 4. Nxd4 a6 5. c4 Nf6 6. Nc3 Bb4 7. Qd3 d6 8. Nc2
Bxc3+ 9. Qxc3 Nc6 10. Bd3 d5 11. exd5 exd5 12. O-O O-O 13. Bg5 dxc4 14. Bxc4 Ne4
15. Bxd8 Nxc3 16. Bc7 Nb5 17. Bb6 Nd6 18. Bd5 Be6 19. Bxe6 fxe6 20. Ne3 Rac8 21.
Rfd1 Nf5 22. Rac1 Nxe3 23. Bxe3 Rfd8 24. Kf1 Kf7 25. Ke2 e5 26. Kf3 Ke6 27. Rxd8
Rxd8 28. Ke4 Rd5 29. Rc5 Rxc5 30. Bxc5 Nb8 31. Bf8 g6 32. Bg7 Nd7 33. b4 Kd6 34.
g4 Ke6 35. h4 Kd6 36. f4 exf4 37. Kxf4 Ke6 38. Ke4 Kf7 39. Bd4 Ke6 40. a3 Nf8
41. Bb6 Nd7 42. Bd4 1/2-1/2

[Event "FIDE World Rapid 2013"]
[Site "Khanty-Mansiysk RUS"]
[Date "2013.06.07"]
[Round "9.21"]
[White "Najer, Evgeniy"]
[Black "Bezgodov, Alexei"]
[Result "1-0"]
[WhiteTitle "GM"]
[BlackTitle "GM"]
[WhiteElo "2633"]
[BlackElo "2482"]
[WhiteFideId "4118987"]
[BlackFideId "4105257"]
[EventDate "2013.06.06"]

1. e4 e5 2. Nf3 Nc6 3. Bb5 f5 4. d3 fxe4 5. dxe4 Nf6 6. O-O Bc5 7. Bxc6 bxc6 8.
Nxe5 O-O 9. Bg5 Qe8 10. Bxf6 Rxf6 11. Nd3 Bd4 12. c3 Bb6 13. e5 Rh6 14. Nd2 d5
15. exd6 cxd6 16. Qf3 Qh5 17. Qxh5 Rxh5 18. Ne4 Bc7 19. Rfe1 Kf7 20. Rad1 a5 21.
Re3 Rb8 22. b3 Rd5 23. c4 Rd4 24. Ng5+ Kg6 25. Nf3 Ra8 1-0

[Event "FIDE World Rapid 2013"]
[Site "Khanty-Mansiysk RUS"]
[Date "2013.06.07"]
[Round "9.22"]
[White "Pridorozhni, Aleksei"]
[Black "Nguyen, Ngoc Truong Son"]
[Result "0-1"]
[WhiteTitle "GM"]
[BlackTitle "GM"]
[WhiteElo "2512"]
[BlackElo "2625"]
[WhiteFideId "4127870"]
[BlackFideId "12401110"]
[EventDate "2013.06.06"]

1. e4 e6 2. b3 d5 3. Bb2 Nf6 4. e5 Nfd7 5. Qg4 c5 6. f4 Nc6 7. Nf3 g6 8. Na3 a6
9. c3 b5 10. Nc2 Nb6 11. Be2 Bb7 12. O-O d4 13. cxd4 cxd4 14. Bd3 Nd5 15. a3 h5
16. Qg3 h4 17. Qg4 Bh6 18. Nfxd4 Nxf4 19. Nxe6 fxe6 20. Bxg6+ Kd7 21. Rxf4 Bxf4
22. Qxf4 Qb6+ 23. Qe3 Qxe3+ 24. dxe3 Ne7 25. Rd1+ Bd5 26. e4 Nxg6 27. exd5 Rhd8
28. dxe6+ Ke7 29. Nd4 Rac8 30. Rf1 Rf8 31. Re1 Nf4 32. Bc1 Nxe6 33. Nf3 h3 34.
Bd2 Ke8 35. Ng5 Nxg5 36. Bxg5 Rg8 37. Bf4 Rxg2+ 38. Kh1 Rcc2 39. Bg3 Rge2 40.
Rf1 Rc3 41. Rb1 a5 42. Kg1 Rg2+ 43. Kh1 Rb2 44. Rd1 Rcxb3 0-1

[Event "FIDE World Rapid 2013"]
[Site "Khanty-Mansiysk RUS"]
[Date "2013.06.07"]
[Round "9.24"]
[White "Ram, S. Krishnan"]
[Black "Vasquez Schroeder, Rodrigo"]
[Result "0-1"]
[BlackTitle "GM"]
[WhiteElo "2248"]
[BlackElo "2542"]
[WhiteFideId "5010519"]
[BlackFideId "3400042"]
[EventDate "2013.06.06"]

1. Nf3 d5 2. d4 Nf6 3. c4 c6 4. Qc2 dxc4 5. Qxc4 Bg4 6. Nc3 Nbd7 7. e4 e6 8. Be2
Be7 9. h3 Bh5 10. Bf4 O-O 11. Qb3 Qb6 12. Rd1 Qxb3 13. axb3 Bb4 14. Nd2 Bxe2 15.
Kxe2 Rfe8 16. Be3 e5 17. f3 b5 18. Na2 Bd6 19. Rc1 exd4 20. Bxd4 c5 21. Be3 a6
22. Rhd1 Be5 23. Bxc5 Bxb2 24. Rc2 Nxc5 25. Rxb2 Ne6 26. Nf1 Rec8 27. b4 h5 28.
Ne3 Kf8 29. g3 Ra7 30. e5 Ne8 31. f4 g6 32. Kf3 Rac7 33. g4 hxg4+ 34. hxg4 Rd8
35. Rxd8 Nxd8 36. Rh2 Kg8 37. Nd5 Rd7 38. Nac3 Kg7 39. Ra2 Nc7 40. Nxc7 Rd3+ 41.
Ke4 Rxc3 42. Ne8+ Kf8 43. Nd6 Rb3 44. Rxa6 Rxb4+ 45. Ke3 Ra4 46. Rb6 g5 47. fxg5
Rxg4 48. Ne4 Ne6 49. Rb8+ Kg7 50. Kf3 Rg1 51. Kf2 Rb1 52. Rb7 b4 53. Ke3 Rb3+
54. Kd2 Kg6 55. Nd6 Nxg5 56. Kc2 Rc3+ 57. Kb2 Rc5 58. Rb5 Ne6 59. Rb7 Rxe5 60.
Nxf7 Re2+ 61. Kb1 Nc5 62. Rb5 Nd3 63. Nd6 Kf6 64. Nb7 Rb2+ 65. Ka1 Rc2 66. Kb1
Rc3 67. Na5 Ke6 68. Ka2 Kd6 69. Nb3 Rc2+ 70. Ka1 Rc4 71. Kb1 Kc6 72. Rb8 Kc7 73.
Rb5 Rc3 74. Ka2 Kc6 75. Nd4+ Kc7 76. Kb1 Kd6 77. Nf5+ Kc7 78. Nd4 Rc4 79. Nb3
Kd6 80. Ka2 Ke6 81. Kb1 Kd6 82. Ka2 Kc6 83. Rb8 Rc2+ 84. Ka1 Rh2 85. Rd8 Rh3 86.
Kb1 Ne5 87. Nd4+ Kc5 88. Nc2 Nc6 89. Rc8 Kb5 90. Kb2 Rh2 91. Kb1 Rd2 92. Kc1 Rg2
93. Rc7 Na5 94. Nxb4 Kxb4 95. Rc2 Nb3+ 96. Kb2 Rg3 97. Rh2 Na5 98. Kc2 Nc4 99.
Rh8 Rc3+ 100. Kd1 Re3 101. Kc2 Re2+ 102. Kd3 Rd2+ 103. Ke4 Kc3 104. Rh3+ Kb4
105. Rh8 Rd7 106. Rh3 Re7+ 107. Kf4 Kc5 108. Rh8 Nd6 109. Rh5+ Kd4 110. Ra5 Rf7+
111. Kg5 Ke4 112. Kg6 Rf1 113. Ra4+ Ke5 114. Ra5+ Ke6 115. Kg5 Nc4 116. Rc5 Ne5
117. Ra5 Rf5+ 0-1

[Event "FIDE World Rapid 2013"]
[Site "Khanty-Mansiysk RUS"]
[Date "2013.06.07"]
[Round "9.26"]
[White "Skatchkov, Pavel"]
[Black "Potapov, Pavel"]
[Result "0-1"]
[WhiteTitle "GM"]
[BlackTitle "IM"]
[WhiteElo "2486"]
[BlackElo "2460"]
[WhiteFideId "4121848"]
[BlackFideId "4169786"]
[EventDate "2013.06.06"]

1. d4 d5 2. Nf3 Nf6 3. c4 c6 4. Qc2 dxc4 5. Qxc4 Bf5 6. g3 e6 7. Bg2 Nbd7 8. O-O
Be7 9. Nc3 Ne4 10. Re1 O-O 11. Qb3 Qb6 12. Nh4 Bxh4 13. gxh4 Nxc3 14. bxc3 e5
15. e4 Be6 16. d5 cxd5 17. exd5 Bf5 18. c4 Rac8 19. c5 Qg6 20. c6 bxc6 21. dxc6
Nc5 22. Qg3 Nd3 23. Re3 Nf4 24. Qxg6 hxg6 25. Bf3 Rfe8 26. Rc3 Ne6 27. Ba3 Nd4
28. Rac1 e4 29. Bd1 Re6 30. c7 Nb5 31. Rb3 a6 32. Be2 Rxc7 33. Bxb5 Rxc1+ 34.
Bxc1 axb5 35. Rxb5 Rd6 36. Kg2 Rd3 37. Be3 Ra3 38. Rb2 Be6 39. Kg3 Bxa2 40. Kf4
Ra4 41. Rd2 Bb1 42. Rd8+ Kh7 43. Rd7 f6 44. Bd4 Kg8 45. Rd8+ Kf7 46. Bc5 e3+ 47.
Kxe3 Rxh4 48. Rd7+ Kg8 49. Bd6 g5 50. Rb7 Bf5 51. Rb4 Rh3+ 52. f3 Kf7 53. Rb7+
Kg8 54. Rb4 g4 55. Bg3 gxf3 56. Kxf3 Kf7 57. Kf4 Be6 58. Rb7+ Kg6 59. Rb6 Bf7
60. Rb7 Rh5 61. Ra7 Rf5+ 62. Ke3 Rb5 63. Bd6 Rb3+ 64. Kf2 Bd5 65. Bf8 Bb7 66.
Bd6 Kh5 67. Ra4 g5 68. Rb4 Rf3+ 69. Ke2 Bd5 70. Rb5 Be4 71. Ra5 Rb3 72. Be7 f5
73. Bd6 Kg4 74. Ra3 Bf3+ 75. Kd2 Rb2+ 76. Kd3 f4 77. Ra5 0-1

[Event "FIDE World Rapid 2013"]
[Site "Khanty-Mansiysk RUS"]
[Date "2013.06.07"]
[Round "9.27"]
[White "Cherniaev, Alexander"]
[Black "Pasiev, Rakhim"]
[Result "1-0"]
[WhiteTitle "GM"]
[BlackTitle "IM"]
[WhiteElo "2447"]
[BlackElo "2384"]
[WhiteFideId "4117301"]
[BlackFideId "24122475"]
[EventDate "2013.06.06"]

1. e4 c5 2. c3 d5 3. exd5 Qxd5 4. Na3 Qd8 5. Nf3 Nc6 6. Bc4 e6 7. O-O Nf6 8. Re1
Be7 9. Bf1 O-O 10. Nc2 b6 11. d4 Bb7 12. Qe2 cxd4 13. Ncxd4 Nxd4 14. Nxd4 Nd5
15. c4 Nb4 16. Be3 Bf6 17. Red1 Qe7 18. Bf4 e5 19. Nf5 Qe6 20. Nd6 Bc6 21. Be3
Be7 22. Nb5 Bxb5 23. cxb5 Rac8 24. a3 Nc2 25. Rac1 Nxe3 26. Qxe3 Bc5 27. Qe4 Bd4
28. Rc6 Qb3 29. Rd3 Qxb2 30. Rf3 Rcd8 31. g3 f5 32. Rxf5 Bxf2+ 33. Kh1 Bc5 34.
Rxf8+ Bxf8 35. Bd3 g6 36. Rxg6+ Bg7 37. Rc6 Qf2 38. Rc1 Rxd3 39. Qxd3 Qf6 40.
Rf1 1-0

[Event "FIDE World Rapid 2013"]
[Site "Khanty-Mansiysk RUS"]
[Date "2013.06.07"]
[Round "9.28"]
[Board "28"]
[White "Gordievsky, Dmitry"]
[Black "Akbaev, Kazbek"]
[Result "1-0"]
[WhiteTitle "FM"]
[BlackTitle "IM"]
[WhiteElo "2474"]
[BlackElo "2475"]
[WhiteFideId "24112798"]
[BlackFideId "4131045"]
[EventDate "2013.06.06"]

1. d4 Nf6 2. c4 e5 3. dxe5 Ng4 4. e3 Nxe5 5. a3 Be7 6. f4 Ng6 7. Nc3 d6 8. Bd3
Bh4+ 9. Kf1 Nc6 10. Qh5 O-O 11. Nf3 Bf6 12. Nd5 Be6 13. Bd2 Bxd5 14. cxd5 Nce7
15. Kf2 c6 16. dxc6 bxc6 17. Rab1 Nd5 18. Rhe1 Qb6 19. g3 Rfe8 20. Qf5 Nde7 21.
Qa5 Qxa5 22. Bxa5 Rab8 23. b4 Nd5 24. e4 Nc3 25. Rbc1 Rbc8 26. e5 dxe5 27. Bxg6
e4 28. Bf5 exf3 29. Bxc8 Rxc8 30. Kxf3 h5 31. Re3 Nb5 32. Rd3 Re8 33. Kf2 h4 34.
Rxc6 a6 35. Rxa6 Nc3 36. Rxf6 Ne4+ 37. Kf3 Nxf6 38. Rd8 hxg3 39. hxg3 Kf8 40.
Rxe8+ Kxe8 41. Bb6 Nd5 42. Bc5 Kd7 43. a4 Kc6 44. g4 g6 45. f5 g5 46. a5 Kb5 47.
Bf8 Ka6 48. Bh6 Nxb4 49. Bxg5 Nc6 50. Bd2 f6 51. Bc3 Kb5 52. Ke4 Kc4 53. Bxf6
Nxa5 54. g5 Nb7 55. Be7 1-0

[Event "FIDE World Rapid 2013"]
[Site "Khanty-Mansiysk RUS"]
[Date "2013.06.07"]
[Round "9.29"]
[White "Byambaa, Zulzaga"]
[Black "Nadanian, Ashot"]
[Result "1-0"]
[WhiteTitle "FM"]
[BlackTitle "IM"]
[WhiteElo "2285"]
[BlackElo "2428"]
[WhiteFideId "4900642"]
[BlackFideId "13300393"]
[EventDate "2013.06.06"]

1. e4 c5 2. Nf3 Nc6 3. Bb5 g6 4. O-O Bg7 5. Nc3 d6 6. d4 cxd4 7. Nxd4 Bd7 8. Be3
Nf6 9. Be2 O-O 10. h3 Nxd4 11. Bxd4 Bc6 12. f3 Nh5 13. Bxg7 Nxg7 14. Qd4 Qa5 15.
a3 Rfd8 16. b4 Qe5 17. Qd2 a6 18. f4 Qe6 19. Bg4 Qc4 20. Be2 Qe6 21. Qd4 Qf6 22.
Qxf6 exf6 23. a4 b6 24. Bxa6 f5 25. Bd3 fxe4 26. Bxe4 d5 27. Bd3 Ne6 28. f5 Nc7
29. fxg6 hxg6 30. Rf6 Ne6 31. Bxg6 Be8 32. Bd3 Kg7 33. Raf1 d4 34. Ne4 Rxa4 35.
Bc4 Rd7 36. Bxe6 fxe6 37. Ng5 Re7 38. Nxe6+ Kh7 39. R1f4 Bh5 40. Rh4 1-0

[Event "FIDE World Rapid 2013"]
[Site "Khanty-Mansiysk RUS"]
[Date "2013.06.07"]
[Round "10.1"]
[White "Le, Quang Liem"]
[Black "Nepomniachtchi, Ian"]
[Result "0-1"]
[WhiteTitle "GM"]
[BlackTitle "GM"]
[WhiteElo "2712"]
[BlackElo "2717"]
[WhiteFideId "12401137"]
[BlackFideId "4168119"]
[EventDate "2013.06.06"]

1. Nf3 Nf6 2. c4 c5 3. Nc3 d5 4. cxd5 Nxd5 5. e3 Nxc3 6. bxc3 g6 7. d4 Qc7 8.
Be2 Bg7 9. O-O O-O 10. Bb2 b6 11. e4 Nd7 12. Qd3 Bb7 13. Rfd1 Rfd8 14. Qe3 Nf6
15. d5 e6 16. dxe6 Nxe4 17. Re1 Re8 18. exf7+ Qxf7 19. Bb5 Rf8 20. Rad1 Rad8 21.
Rxd8 Rxd8 22. Bd3 Nd6 23. Ng5 Qd5 24. Qe6+ Qxe6 25. Nxe6 Re8 26. Re2 Bf6 27. a3
Kf7 28. Nf4 b5 29. Kf1 a5 30. Rd2 Ne4 31. Rc2 c4 32. Be2 Nc5 33. Bc1 Be4 34. Rb2
Nb3 35. f3 Bc6 36. Rc2 Nxc1 37. Rxc1 Re3 38. a4 Rxc3 39. Rxc3 Bxc3 40. axb5 Bxb5
41. Nd5 Bd4 42. Ke1 a4 43. Nc7 Bc6 44. Bxc4+ Ke7 45. Nb5 Be5 46. h3 Kf6 47. Kd2
Kg5 48. Nc3 Bxc3+ 49. Kxc3 Kf4 50. h4 Kg3 51. Bg8 h6 52. Bf7 Kxg2 53. Bxg6 Kg3
54. h5 Kxf3 55. Kb4 Kf4 56. Bc2 Kg5 57. Bd1 Be8 58. Ka3 Bxh5 59. Bxa4 Bg6 60.
Bd1 Bf5 61. Kb2 Bg4 62. Kc1 h5 63. Kd2 Kf4 64. Ba4 h4 65. Ke1 h3 66. Bc6 Bf3 67.
Bxf3 Kxf3 0-1

[Event "FIDE World Rapid 2013"]
[Site "Khanty-Mansiysk RUS"]
[Date "2013.06.07"]
[Round "10.4"]
[White "Andreikin, Dmitry"]
[Black "Khairullin, Ildar"]
[Result "0-1"]
[WhiteTitle "GM"]
[BlackTitle "GM"]
[WhiteElo "2713"]
[BlackElo "2658"]
[WhiteFideId "4158814"]
[BlackFideId "4151348"]
[EventDate "2013.06.06"]

1. Nf3 d5 2. c4 d4 3. b4 c5 4. Bb2 a5 5. bxc5 Nc6 6. d3 e5 7. Ba3 Nf6 8. Nbd2
Be7 9. g3 O-O 10. Bg2 Nd7 11. Ne4 Nb4 12. O-O Qc7 13. Nd6 Nxc5 14. Nb5 Qb8 15.
Bc1 Bd7 16. a3 Nc6 17. Rb1 Qc8 18. Re1 Bf5 19. Bg5 f6 20. Bd2 Qd7 21. Nh4 Be6
22. Nf3 a4 23. Qc2 Nb3 24. e3 dxe3 25. Bxe3 Bf5 26. Rbd1 Rac8 27. Qb2 Bg4 28.
Nc3 Nca5 29. Nd5 Bd8 30. Bb6 Rc6 31. Bxd8 Rxd8 32. h3 Be6 33. Nxe5 fxe5 34. Rxe5
Rd6 35. Rde1 Nc6 36. Rg5 Bxd5 37. Bxd5+ Kh8 38. Re4 h6 39. Rh5 Ne7 40. Bf7 Ng8
41. Rf4 Nf6 42. Rxh6+ gxh6 43. Rxf6 Nd4 44. Rxd6 Qxd6 45. Bd5 Qf6 46. Kg2 b5 47.
h4 bxc4 48. dxc4 Rf8 49. Qd2 Kg7 50. Qb2 Nf5 51. Qb7+ Qe7 52. Qb2+ Qf6 53. Qb7+
Ne7 54. f4 Kh8 55. Be4 Rg8 56. Qd7 Qb2+ 57. Kh3 Qc3 58. Bd3 Qg7 59. g4 Ng6 60.
Qd6 Nxh4 61. g5 hxg5 62. fxg5 Ng6 63. c5 Qe5 64. Qd7 0-1

[Event "FIDE World Rapid 2013"]
[Site "Khanty-Mansiysk RUS"]
[Date "2013.06.07"]
[Round "10.5"]
[White "Ponomariov, Ruslan"]
[Black "Movsesian, Sergei"]
[Result "0-1"]
[WhiteTitle "GM"]
[BlackTitle "GM"]
[WhiteElo "2743"]
[BlackElo "2699"]
[WhiteFideId "14103320"]
[BlackFideId "310204"]
[EventDate "2013.06.06"]

1. c4 e5 2. Nc3 Nc6 3. Nf3 Nf6 4. g3 g6 5. Bg2 Bg7 6. O-O O-O 7. d4 d6 8. dxe5
Nxe5 9. Nxe5 dxe5 10. Qxd8 Rxd8 11. Bg5 Re8 12. Nb5 Re7 13. Rfd1 Be6 14. Bxb7
Rb8 15. Bg2 c6 16. Nd6 h6 17. Bxf6 Bxf6 18. Ne4 Bg7 19. b3 f5 20. Nc5 e4 21.
Rac1 Bf7 22. e3 Bb2 23. Rc2 Ba3 24. Na4 Bb4 25. c5 Rbb7 26. Rd6 Re6 27. Rd8+ Re8
28. Rd4 Re5 29. Rd6 Re6 30. Bf1 Kf8 31. Bc4 Rxd6 32. cxd6 Be8 33. Ba6 Rd7 34.
Rxc6 Rxd6 35. Rxd6 Bxd6 36. Nb2 Ke7 37. Kf1 Kf6 38. Nc4 Bc7 39. Nd2 Ba5 40. Ke2
g5 41. Kd1 Bc6 42. a3 Bc7 43. b4 h5 44. Bc4 h4 45. gxh4 gxh4 46. h3 f4 47. exf4
Bxf4 48. Be2 Ba4+ 49. Ke1 Ke5 50. Bg4 Kd4 51. Bf5 Bc6 52. Nb3+ Kc3 53. Nc5 e3
54. Ne6 exf2+ 55. Kxf2 Bc1 56. Nd8 Be8 57. Be4 Bxa3 58. Nc6 Bxb4 59. Nxa7 Bc5+
60. Kg2 Bxa7 61. Kh2 Kd4 62. Bf3 Ke3 63. Kg2 Bd7 64. Bb7 Bb8 65. Bd5 Bb5 66. Bb7
Bg3 67. Bf3 Kd2 68. Kg1 Ke1 69. Be4 Bc4 70. Bf3 Bf2+ 71. Kh1 Bd4 72. Kg2 Bf1+
73. Kh2 Kf2 0-1

[Event "FIDE World Rapid 2013"]
[Site "Khanty-Mansiysk RUS"]
[Date "2013.06.07"]
[Round "10.6"]
[White "Vallejo Pons, Francisco"]
[Black "Guseinov, Gadir"]
[Result "1/2-1/2"]
[WhiteTitle "GM"]
[BlackTitle "GM"]
[WhiteElo "2706"]
[BlackElo "2631"]
[WhiteFideId "2205530"]
[BlackFideId "13401378"]
[EventDate "2013.06.06"]

1. e4 c5 2. Nf3 Nc6 3. Bb5 g6 4. Bxc6 bxc6 5. O-O Bg7 6. c3 Nf6 7. Re1 O-O 8. h3
d6 9. d4 cxd4 10. cxd4 c5 11. e5 dxe5 12. dxe5 Qxd1 13. Rxd1 Nd7 14. Bf4 Nb6 15.
Na3 Bb7 16. Rac1 Rac8 17. b3 Nd5 18. Bg3 Rfd8 19. Nc4 Bh6 20. Rc2 Nf4 21. Rxd8+
Rxd8 22. Kh2 Ne6 23. Ne3 Be4 24. Rc4 Bxf3 25. gxf3 Bxe3 26. fxe3 Rd2+ 27. Kg1
Rxa2 28. Bh4 g5 29. Bxg5 Nxg5 30. Rg4 h6 31. h4 Rb2 32. hxg5 hxg5 33. Rxg5+ Kf8
34. e6 Rxb3 35. Kf2 c4 36. Rf5 f6 37. Ra5 Rb2+ 38. Kg3 Rb7 39. Rc5 Rb6 40. Rc8+
Kg7 41. Rxc4 Rxe6 42. Rc7 a6 43. e4 Kf7 44. Ra7 Rb6 45. f4 Ke6 46. f5+ Kf7 47.
Kf4 Rc6 48. Ra8 Rb6 49. Ra7 Rd6 50. Ra8 Rc6 51. Ra7 Rb6 52. Ra8 e5+ 53. Kg4 Rb1
54. Ra7+ Kg8 55. Kh5 Rg1 56. Kh6 Rg2 57. Rxa6 Kf7 58. Ra7+ Kg8 59. Ra8+ Kf7 60.
Ra7+ Kg8 61. Ra8+ Kf7 62. Ra7+ 1/2-1/2

[Event "FIDE World Rapid 2013"]
[Site "Khanty-Mansiysk RUS"]
[Date "2013.06.07"]
[Round "10.8"]
[White "Grachev, Boris"]
[Black "Potkin, Vladimir"]
[Result "0-1"]
[WhiteTitle "GM"]
[BlackTitle "GM"]
[WhiteElo "2683"]
[BlackElo "2647"]
[WhiteFideId "4129199"]
[BlackFideId "4131061"]
[EventDate "2013.06.06"]

1. d4 d5 2. Bf4 c5 3. e3 Nc6 4. c3 Qb6 5. Qb3 c4 6. Qc2 Nf6 7. Nd2 Nh5 8. Bg3
Nxg3 9. hxg3 e6 10. e4 Bd7 11. Be2 g6 12. Bf3 Ne7 13. Ne2 Bg7 14. Nf4 Qd6 15.
O-O O-O 16. Rfe1 Rac8 17. e5 Qc7 18. Nf1 b5 19. Ne3 b4 20. Ng4 Nc6 21. Qd2 Qd8
22. Nh3 Rb8 23. Qf4 f5 24. exf6 Bxf6 25. Nxf6+ Qxf6 26. Re2 Qxf4 27. Nxf4 Nd8
28. Bg4 bxc3 29. bxc3 Rb5 30. a4 Rb3 31. Re3 Rf7 32. a5 Kg7 33. Bd1 Rb2 34. Ba4
Bxa4 35. Rxa4 Kf6 36. f3 Rfb7 37. a6 R7b3 38. Ra5 Rb5 39. Ra1 Rb1+ 40. Re1 Rxe1+
41. Rxe1 Rb3 42. Rc1 Ra3 43. Rb1 Rxc3 44. Rb8 Nc6 45. Rf8+ Ke7 46. Rh8 Ra3 47.
Rxh7+ Kd6 48. Nxg6 c3 49. Ne5 Nxe5 50. dxe5+ Kxe5 51. Rc7 d4 52. Kf2 d3 53. f4+
Kd6 54. Rc8 d2 55. Ke3 0-1

[Event "FIDE World Rapid 2013"]
[Site "Khanty-Mansiysk RUS"]
[Date "2013.06.07"]
[Round "10.10"]
[White "Frolyanov, Dmitry"]
[Black "Vitiugov, Nikita"]
[Result "0-1"]
[WhiteTitle "GM"]
[BlackTitle "GM"]
[WhiteElo "2570"]
[BlackElo "2734"]
[WhiteFideId "4151976"]
[BlackFideId "4152956"]
[EventDate "2013.06.06"]

1. e4 c6 2. d4 d5 3. exd5 cxd5 4. c4 Nf6 5. Nc3 g6 6. cxd5 Bg7 7. Bb5+ Nbd7 8.
d6 exd6 9. Qe2+ Qe7 10. Bf4 Qxe2+ 11. Bxe2 O-O 12. Bxd6 Re8 13. O-O-O Nb6 14.
Nf3 Rxe2 15. Nxe2 Bf5 16. Bf4 Rc8+ 17. Kd2 Nc4+ 18. Ke1 Nxb2 19. Ra1 Nd5 20. Be3
Rc2 21. Ne5 f6 22. Nf3 Bf8 23. a3 Bd3 24. Nc1 Ba6 25. Bd2 Bd6 26. g3 Bb5 27. h4
h5 28. Nh2 Nc4 29. Nf1 Bxa3 30. Nb3 Nxd2 31. Nfxd2 Bb4 32. Kd1 Bd3 33. Rxa7 Bxd2 0-1

[Event "FIDE World Rapid 2013"]
[Site "Khanty-Mansiysk RUS"]
[Date "2013.06.07"]
[Round "10.11"]
[White "Rakhmanov, Aleksandr"]
[Black "Mamedov, Rauf"]
[Result "1/2-1/2"]
[WhiteTitle "GM"]
[BlackTitle "GM"]
[WhiteElo "2602"]
[BlackElo "2637"]
[WhiteFideId "4173708"]
[BlackFideId "13401653"]
[EventDate "2013.06.06"]

1. d4 Nf6 2. Nf3 g6 3. Nbd2 Bg7 4. e4 d6 5. Bd3 O-O 6. O-O c5 7. dxc5 dxc5 8.
Re1 Nc6 9. h3 Nd7 10. Bf1 Nde5 11. Nxe5 Nxe5 12. f4 Nc6 13. c3 e5 14. Nf3 Qc7
15. fxe5 Nxe5 16. Bf4 Be6 17. Kh1 Rad8 18. Qe2 Bc8 19. Rad1 Qe7 20. Rxd8 Rxd8
21. Rd1 Rxd1 22. Qxd1 Nxf3 23. Qxf3 Be6 24. a3 h5 25. Kg1 Qd8 26. Qd3 Qb6 27.
Qd2 Qc6 28. Qe2 c4 29. Be3 Qxe4 30. Bxa7 Qd5 31. Qf2 b5 32. Bd4 Bxd4 1/2-1/2